Textile reinforcements used in passenger radial tyres-A review (Record no. 70418)

MARC details
000 -LEADER
fixed length control field 00507nam a2200133Ia 4500
100 ## - MAIN ENTRY--AUTHOR NAME
Personal name Samui Barun K
245 #0 - TITLE STATEMENT
Title Textile reinforcements used in passenger radial tyres-A review
260 ## - PUBLICATION, DISTRIBUTION, ETC. (IMPRINT)
Name of publisher Proceedings of the National Conference and Exposition on Rubber and Allied Materials. India Rub Tech Expo 2004. 13-14 February, 2004, Mysore.pp.265-280.
650 ## - SUBJECT ADDED ENTRY--TOPICAL TERM
Topical Term Radial tyres
650 ## - SUBJECT ADDED ENTRY--TOPICAL TERM
Topical Term Textile reinforcement
700 ## - ADDED ENTRY--PERSONAL NAME
Personal name Subramaniam Ramani
942 ## - ADDED ENTRY ELEMENTS (KOHA)
Koha item type Journals
Holdings
Withdrawn status Lost status Damaged status Not for loan Home library Current library Shelving location Date acquired Koha item type
      Journals RRII Library RRII Library Rubber chemistry 17/12/2021 Journals